Selected philosophical, social and political essays (Record no. 416170)

000 -LEADER
fixed length control field 00367cam a22001217a 4500
008 - FIXED-LENGTH DATA ELEMENTS--GENERAL INFORMATION
fixed length control field 180718b1958 xxu||||| |||| 00| 0 eng d
082 ## - DEWEY DECIMAL CLASSIFICATION NUMBER
Classification number A99 P672
100 ## - MAIN ENTRY--PERSONAL NAME
Personal name Pisarev, Dmitry
245 ## - TITLE STATEMENT
Title Selected philosophical, social and political essays
Statement of responsibility, etc. by Dmitry Pisarev
260 ## - PUBLICATION, DISTRIBUTION, ETC.
Place of publication, distribution, etc. Moscow
Name of publisher, distributor, etc. Foreign Languages
Date of publication, distribution, etc. 1958
300 ## - PHYSICAL DESCRIPTION
Extent 711p
650 ## - SUBJECT ADDED ENTRY--TOPICAL TERM
Topical term or geographic name entry element Philosophy. Social Sciences.
Holdings
Withdrawn status Lost status Damaged status Not for loan Permanent Location Current Location Date acquired Full call number Barcode Date last seen Price effective from Koha item type
        Indian Institute of Public Administration Indian Institute of Public Administration 2009-03-12 A99 P672 15290 2018-07-21 2018-07-21 Book

Powered by Koha